| 000 | 01574nam a22002537 4500 | ||
|---|---|---|---|
| 999 |
_c1315 _d1315 |
||
| 003 | AR-BaISA | ||
| 005 | 20230706145333.0 | ||
| 007 | ta | ||
| 008 | 230706s2022 ag |||| |||| 000 0 spa d | ||
| 020 | _a9789874025494 | ||
| 040 |
_bspa _cAR-BaISA |
||
| 082 | 0 | 4 |
_222 _a150.195 T139 |
| 100 | 1 |
_92861 _aTajer, Débora |
|
| 245 | 1 | 0 |
_aPsicoanálisis para todxs: _bpor una clínica pospatriarcal, posheteronormativa y poscolonial / _cDébora Tajer |
| 260 |
_aBuenos Aires: _bTopía, _c2022 |
||
| 300 | _a172 p. | ||
| 490 | 1 | _aPsiconálisis, sociedad y cultura | |
| 504 | _aBibliografía p.: 161-172. | ||
| 505 |
_tGénero, salud mental y psicoanálisis en la Argentina -- _tGénero y subjetivación: modos de vivir, de amar y de trabajar -- _tEl modelo familiar moderno, sus alternativas actuales y los nuevos desafíos -- _tGénero y diversidad en la teoría y en la clínica psicoanalítica -- _tLas infancias trans como infancias posibles -- _t¿Qué quiere un hombre? Hacia una clínica de varones con perspectiva de género -- _tPensando con Silvia Bleichmar la relación entre subjetividad, poder, psicoanálisis y género -- _tGilou García Reynoso y sus aportes para pensar la relación entre psicoanálisis y género -- _tCon el psicoanálisis solo no alcanza, pero sin el psicoanálisis no se puede... -- _tHeridos corazones. Psicosomática, psicoanálisis y género: aportes para pensar la vulnerabilidad coronaria |
||
| 650 | 1 | 0 |
_9141 _aPsicoanálisis |
| 650 | 1 | 0 |
_92355 _aEstudios de género |
| 830 |
_92862 _aPsicoanálisis, sociedad y cultura |
||
| 942 |
_2ddc _cLI _e22 |
||